Hayatul Muhibb (Record no. 191)

MARC details
000 -LEADER
fixed length control field 00573nam a2200241 a 4500
020 ## - INTERNATIONAL STANDARD BOOK NUMBER
ISBN
082 00 - DEWEY DECIMAL CLASSIFICATION NUMBER
Classification number 297.4
Author Cutter MOO1
100 ## - MAIN ENTRY--AUTHOR NAME
Author name Moosvi, Mohd Bin Ibraheem
245 ## - TITLE STATEMENT
Title Hayatul Muhibb
260 ## - PUBLICATION, DISTRIBUTION, ETC. (IMPRINT)
Place of publication Tehran
Name of publisher Ali Asghar Press
Year of publication 1897
300 ## - PHYSICAL DESCRIPTION
Number of Pages 150p
500 ## - GENERAL NOTE
General note includes index and biblioraphy
505 2# - FORMATTED CONTENTS NOTE
Formatted contents note Index
650 ## - SUBJECT ADDED ENTRY--TOPICAL TERM
Topical Term Sufism-Iran
942 ## - ADDED ENTRY ELEMENTS (KOHA)
Koha item type Books
700 1# -
-- Moosvi, Mohd Bin Ibraheem
Holdings
Collection code Home library Current library Date acquired Cost, normal purchase price Full call number Accession Number Koha item type
  Henry Martyn Institute Library Henry Martyn Institute Library 09/19/2007 100.00 297.4 MOO1 04469 Books
                   Copyright © 2026 | Henry Martyn Institute | Hyderabad | TS-500052 | INDIA | Implemented by hmi.edu.in
Hit-Count:

Powered by Koha